000
00334nam a2200133Ia 4500
008
240624s9999 xx 000 0 und d
041
_a
eng
082
_a
381.4 HAN
100
_a
HANSEN HENNING OTTE
245
_a
FOOD ECONOMICS A MANAGERIAL APPROACH
260
_c
2012
_a
New York
_b
Routledge
300
_a
256 : p.
365
_c
GBP
_b
28
999
_c
22133
_d
22133